000 01023nam a22002537a 4500
005 20170124103040.0
010 _aB-139539
020 _c150.00
_a818846113
035 _aB-139539
037 _bCen Lib/Ret
040 _aDPL
_bHN
082 _a
_bराकेश
100 _aराकेश 'चक्र'
_966879
245 _aतीसरी माँ /
_cराकेश 'चक्र'
246 _aTeesri maa /
_bby Rakesh Chakra
260 _aदिल्ली
_bआर्यन प्रकाशन
_c2005
270 _a132/2, कागज भवन, गली ब्ताशन, चण्डी बाज़ार
_bदिल्ली
300 _a176पृ.
_c21सेमी (सजिल्द)
650 _a हिन्दी साहित्य
_966880
650 _a हिन्दी साहित्य -- कहानियां
_966881
650 _aHindi literature
_966882
650 _aHindi literature -- Stories
_966883
942 _2ddc
_cHN
_h
_mराकेश
999 _c116505
_d116505